[Event "10th American Continental"]
[Site "Montevideo URU"]
[Date "2015.05.17"]
[Round "4.24"]
[White "Madeira, Wagner Martins"]
[Black "Paveto, Kevin"]
[Result "0-1"]
[WhiteTitle "FM"]
[BlackTitle "FM"]
[WhiteElo "2179"]
[BlackElo "2400"]
[WhiteFideId "2100797"]
[BlackFideId "173444"]
[EventDate "2015.05.15"]
[EventType "swiss"]

1. d4 Nf6 2. Bg5 d5 3. Nd2 c5 4. dxc5 e5 5. Nb3 Be6 6. Nf3 Nbd7 7. e3 Qc7 8. Bb5
a6 9. Ba4 O-O-O 10. Bxd7+ Rxd7 11. Qe2 Ne4 12. Bh4 f6 13. Nfd2 Nxc5 14. O-O-O
Na4 15. Nb1 Kb8 16. f3 Be7 17. Be1 Rc8 18. Nc3 Nb6 19. Kb1 Nc4 20. Rc1 b5 21.
Ka1 Qb6 22. Bf2 a5 23. Nb1 Rdc7 24. Rhd1 a4 25. N3d2 Na5 26. Qd3 b4 27. Qxh7 b3
28. c4 a3 29. Rc3 d4 30. exd4 exd4 31. Nxb3 axb2+ 0-1

[Event "10th American Continental"]
[Site "Montevideo URU"]
[Date "2015.05.17"]
[Round "4.25"]
[White "Carvalho, Herbert Abreu"]
[Black "Escalante Ramirez, Brian Sebasti"]
[Result "0-1"]
[WhiteElo "2157"]
[BlackElo "2373"]
[WhiteFideId "2100541"]
[BlackFideId "3819566"]
[EventDate "2015.05.15"]
[EventType "swiss"]

1. e4 e6 2. d4 d5 3. Nd2 Nf6 4. e5 Nfd7 5. Bd3 c5 6. c3 Nc6 7. Ne2 cxd4 8. cxd4
Nb6 9. O-O Bd7 10. Nf3 Nb4 11. Bb1 Ba4 12. b3 Bb5 13. a3 Nc6 14. Re1 a5 15. Nc3
Ba6 16. Be3 Be7 17. Qd2 a4 18. Nxa4 Nxa4 19. bxa4 Na5 20. Ba2 h6 21. Qd1 Bxa3
22. Nd2 Be7 23. Bb1 Bg5 24. f4 Bh4 25. g3 Be7 26. f5 Bg5 27. fxe6 fxe6 28. Qg4
Kd7 29. Kh1 Rc8 30. Bf4 Qe7 31. Nf3 Bxf4 32. gxf4 Kc7 33. f5 Kb8 34. fxe6 h5 35.
Qg2 Qxe6 36. Ng5 Qb6 37. Bf5 Rc7 38. Rab1 Qc6 39. e6 Rf8 40. Bg6 Re7 41. Qg3+
Ka7 42. Bxh5 Rf5 43. Bf7 Nc4 44. Nh7 Rfxf7 45. exf7 Rxf7 46. Ng5 Rf6 47. Re7 Nd2
48. Rbe1 Qxa4 49. Qe5 Qc4 50. Rxg7 Rf1+ 51. Kg2 Ne4 52. Rxe4 Rg1+ 53. Kh3 dxe4
54. Qxe4 Qf1+ 55. Kh4 Qf6 0-1

[Event "10th American Continental"]
[Site "Montevideo URU"]
[Date "2015.05.17"]
[Round "4.26"]
[White "Guerrero, Alvaro"]
[Black "Choma, Ernani Francisco"]
[Result "0-1"]
[BlackTitle "FM"]
[WhiteElo "2156"]
[BlackElo "2361"]
[WhiteFideId "3000478"]
[BlackFideId "2106922"]
[EventDate "2015.05.15"]
[EventType "swiss"]

1. d4 Nf6 2. c4 c5 3. d5 e6 4. Nc3 exd5 5. cxd5 d6 6. e4 g6 7. Nge2 Bg7 8. Ng3
O-O 9. Be2 a6 10. a4 Nbd7 11. O-O Re8 12. f4 Rb8 13. Qc2 Qc7 14. f5 c4 15. Be3
Nc5 16. fxg6 fxg6 17. Rad1 Nb3 18. Kh1 b5 19. axb5 axb5 20. Bg5 Nd7 21. Be3 Ne5
22. Bf3 Rf8 23. Nce2 Bd7 24. Nd4 Nc5 25. b3 Rbc8 26. bxc4 bxc4 27. Be2 Ba4 28.
Rxf8+ Bxf8 29. Qc1 Bxd1 30. Qxd1 Qf7 31. Bg4 Nxg4 32. Qxg4 Re8 33. h4 h5 34.
Nxh5 Rxe4 35. Nf4 Rxe3 36. Nxg6 Re4 37. Nf4+ Qg7 38. Qf5 Rxd4 0-1

[Event "10th American Continental"]
[Site "Montevideo URU"]
[Date "2015.05.17"]
[Round "4.27"]
[White "Granara Barreto, Sebastian"]
[Black "Lujan, Carolina"]
[Result "1/2-1/2"]
[WhiteTitle "FM"]
[BlackTitle "IM"]
[WhiteElo "2147"]
[BlackElo "2353"]
[WhiteFideId "3000494"]
[BlackFideId "109878"]
[EventDate "2015.05.15"]
[EventType "swiss"]

1. c4 e5 2. g3 Nc6 3. Bg2 g6 4. Nc3 Bg7 5. d3 Nge7 6. e4 Nd4 7. Nge2 Nec6 8.
Nxd4 Nxd4 9. Ne2 Nxe2 10. Qxe2 d6 11. O-O O-O 12. Be3 c6 13. Rad1 f5 14. f4 exf4
15. gxf4 Be6 16. Qf2 fxe4 17. Bxe4 d5 18. Bg2 d4 19. Bd2 Bf5 20. Be4 Qd7 21.
Rde1 Rae8 22. Bb4 Rf6 23. Bxf5 Rxf5 24. Rxe8+ Qxe8 25. Re1 Qc8 26. Re4 c5 27.
Qe2 Rf8 28. Be1 1/2-1/2

[Event "10th American Continental"]
[Site "Montevideo URU"]
[Date "2015.05.17"]
[Round "4.28"]
[White "Michailov, Matias"]
[Black "Disconzi da Silva, Rodrigo"]
[Result "1-0"]
[BlackTitle "IM"]
[WhiteElo "2137"]
[BlackElo "2339"]
[WhiteFideId "3001571"]
[BlackFideId "2100991"]
[EventDate "2015.05.15"]
[EventType "swiss"]

1. e4 c5 2. Nf3 e6 3. d4 cxd4 4. Nxd4 a6 5. Bd3 Bc5 6. Nb3 Ba7 7. Nc3 Nc6 8. Qe2
d6 9. Be3 Bxe3 10. Qxe3 Nf6 11. O-O-O O-O 12. f4 Qc7 13. g4 Nd7 14. g5 Re8 15.
Qg3 b6 16. f5 Nde5 17. f6 Bb7 18. Be2 Rac8 19. h4 Nb4 20. Nd4 b5 21. a3 Nxc2 22.
Nxc2 Bxe4 23. Rhf1 d5 24. fxg7 Red8 25. Qf4 Bxc2 26. Kxc2 Nc4 27. Bxc4 bxc4 28.
Qf6 Rb8 29. Kc1 Rd7 30. Rf2 Qb6 31. h5 Qe3+ 32. Kb1 d4 33. g6 hxg6 34. hxg6 1-0

[Event "10th American Continental"]
[Site "Montevideo URU"]
[Date "2015.05.17"]
[Round "4.29"]
[White "Barros Rivadeneira, Cristhian"]
[Black "Sosa Macho, Juan Manuel"]
[Result "1-0"]
[WhiteTitle "IM"]
[WhiteElo "2335"]
[BlackElo "2137"]
[WhiteFideId "3609677"]
[BlackFideId "3000354"]
[EventDate "2015.05.15"]
[EventType "swiss"]

1. c4 Nf6 2. Nc3 e6 3. Nf3 Bb4 4. Qc2 O-O 5. d4 d5 6. Bg5 b6 7. e3 Bb7 8. a3 Be7
9. Rc1 Nbd7 10. cxd5 exd5 11. Be2 Re8 12. O-O h6 13. Bh4 c6 14. Bd3 Nh5 15. Bxe7
Qxe7 16. Qa4 b5 17. Qd1 Nhf6 18. Bf5 Nb6 19. Ne5 Nc4 20. Nd3 g6 21. Bh3 Ne4 22.
Nxe4 dxe4 23. Nc5 Bc8 24. Bxc8 Raxc8 25. Qc2 h5 26. a4 Nd6 27. axb5 cxb5 28. Ra1
h4 29. h3 Kg7 30. Ra6 Rh8 31. Rfa1 Rc7 32. Qb3 Rh5 33. Qa2 Rf5 34. Rxa7 Nc4 35.
b3 Nd6 36. Rxc7 Qxc7 37. Qa8 Qe7 38. Qb8 Qf6 39. Ra8 Kh6 40. Qf8+ Qg7 41. Qxd6 1-0

[Event "10th American Continental"]
[Site "Montevideo URU"]
[Date "2015.05.17"]
[Round "4.30"]
[White "Acosta, Pablo Ismael"]
[Black "Saralegui, Mario"]
[Result "1-0"]
[WhiteTitle "IM"]
[WhiteElo "2320"]
[BlackElo "2125"]
[WhiteFideId "124311"]
[BlackFideId "3000419"]
[EventDate "2015.05.15"]
[EventType "swiss"]

1. d4 d5 2. c4 c6 3. Nf3 Nf6 4. g3 g6 5. Bg2 Bg7 6. O-O O-O 7. Bf4 Bf5 8. Nc3
Ne4 9. Qb3 Qb6 10. cxd5 Qxb3 11. axb3 Nxc3 12. bxc3 cxd5 13. Nd2 Be6 14. e4 dxe4
15. Bxe4 Bc8 16. Nc4 Nc6 17. Nb6 Bh3 18. Nxa8 Bxf1 19. Kxf1 Rxa8 20. b4 a6 21.
b5 Nd8 22. Bc7 Ne6 23. b6 Nxc7 24. Bxb7 1-0

[Event "10th American Continental"]
[Site "Montevideo URU"]
[Date "2015.05.17"]
[Round "4.31"]
[White "Starke, Bruno Orlando"]
[Black "Pereira, Silvio Cunha"]
[Result "1/2-1/2"]
[BlackTitle "FM"]
[WhiteElo "2133"]
[BlackElo "2284"]
[WhiteFideId "2128713"]
[BlackFideId "2100703"]
[EventDate "2015.05.15"]
[EventType "swiss"]

1. d4 f5 2. Nc3 Nf6 3. Bg5 c5 4. Bxf6 exf6 5. dxc5 Bxc5 6. e3 Bb4 7. Ne2 Nc6 8.
a3 Ba5 9. Nf4 Bxc3+ 10. bxc3 Qa5 11. Qd2 Ne5 12. Bd3 b6 13. O-O Bb7 14. Nh5 O-O
15. Ng3 g6 16. e4 fxe4 17. Bxe4 d5 18. Bd3 d4 19. Ne2 Rad8 20. Rad1 Qd5 21. f3
Nxd3 22. Qxd3 dxc3 23. Qxc3 Qxd1 24. Rxd1 Rxd1+ 25. Kf2 Re8 26. Nf4 Rd6 27. Qc7
Rd2+ 28. Kg3 Ba6 29. Qc6 Rf8 30. Qe6+ Rf7 31. Qe8+ Rf8 32. Qe6+ Rf7 33. Qe8+ Rf8
34. Qe6+ Rf7 1/2-1/2

[Event "10th American Continental"]
[Site "Montevideo URU"]
[Date "2015.05.17"]
[Round "4.32"]
[White "Beckerman, M."]
[Black "Muniz, Rafael"]
[Result "0-1"]
[WhiteElo "2025"]
[BlackElo "2281"]
[WhiteFideId "109070"]
[BlackFideId "3000486"]
[EventDate "2015.05.15"]
[EventType "swiss"]

1. f4 Nf6 2. Nf3 g6 3. e3 Bg7 4. d4 d6 5. Nbd2 O-O 6. Be2 Nbd7 7. O-O c5 8. c3
b6 9. Ng5 Bb7 10. Bf3 Qc7 11. Qe1 e5 12. dxe5 dxe5 13. f5 h6 14. Nge4 gxf5 15.
Nxf6+ Nxf6 16. Bxb7 Qxb7 17. Rxf5 e4 18. Qh4 Qc6 19. Nf1 Rad8 20. Bd2 Qe6 21.
Rf4 Rd5 22. c4 Rh5 23. Qf2 Rg5 24. Ng3 Ng4 25. Qe2 Bxb2 26. Rb1 Be5 27. Rbf1 f5
28. h3 Nxe3 29. Bxe3 Rxg3 30. Kh1 Bxf4 31. Bxf4 Rd3 32. Qh5 Kh7 33. Re1 Qg6 34.
Qh4 Rg8 35. Re2 Qe6 36. a4 Rd4 37. Be3 Rxc4 38. Rf2 Rg7 39. a5 bxa5 40. Rd2 Qg6
41. g4 Rc3 42. gxf5 Qxf5 43. Qxh6+ Kg8 44. Rd8+ Kf7 45. Rd2 Qf3+ 46. Kh2 Qg3+ 0-1

[Event "10th American Continental"]
[Site "Montevideo URU"]
[Date "2015.05.17"]
[Round "4.33"]
[White "Borgeaud Fuentes, Oscar"]
[Black "Aranha Filho, Alvaro Z."]
[Result "0-1"]
[BlackTitle "FM"]
[WhiteElo "2003"]
[BlackElo "2270"]
[WhiteFideId "3409325"]
[BlackFideId "2103931"]
[EventDate "2015.05.15"]
[EventType "swiss"]

1. d4 Nf6 2. c4 e6 3. Nc3 Bb4 4. Qc2 O-O 5. Nf3 c5 6. dxc5 Na6 7. Bd2 Nxc5 8. e3
d6 9. Be2 e5 10. O-O Bg4 11. Ne1 Bxe2 12. Nxe2 Bxd2 13. Qxd2 Qc7 14. Nc3 Nce4
15. Nxe4 Nxe4 16. Qd3 Nf6 17. e4 Nd7 18. Nf3 Nc5 19. Qd5 Ne6 20. g3 a5 21. Rfd1
Ra6 22. Rac1 Rc6 23. b3 Qb6 24. Qd2 Rfc8 25. Kg2 Qc7 26. Qd5 g6 27. Qd2 Kg7 28.
Qd5 Rd8 29. Qd2 a4 30. Qe3 axb3 31. axb3 Ra8 32. c5 Rxc5 33. Rxc5 Nxc5 34. b4
Ne6 35. Qd2 Rd8 36. h4 h5 37. b5 Qc4 38. Qd3 Qxd3 39. Rxd3 Nc5 40. Rd5 Nxe4 41.
Nxe5 Nc3 42. Rd2 Nxb5 43. Nf3 Rc8 44. Re2 Rc7 45. Rb2 Na7 46. Rd2 Nb5 47. Rb2
Rc5 48. Re2 Kf8 49. Ng5 Re5 50. Rc2 Re7 51. Rd2 Rd7 52. Ne4 Ke7 53. Re2 Nd4 54.
Rd2 Ne6 55. Nc3 d5 56. Nxd5+ Kd8 57. Rb2 Rxd5 58. Rxb7 Rd7 59. Rb4 Ke7 60. f3
Rd2+ 61. Kh3 Rd3 62. Kg2 Nd4 63. Rb7+ Kf6 64. f4 Nf5 0-1

[Event "10th American Continental"]
[Site "Montevideo URU"]
[Date "2015.05.17"]
[Round "4.34"]
[White "Van Riemsdijk, Herman C."]
[Black "Chemin, Justo Reinaldo"]
[Result "1/2-1/2"]
[WhiteTitle "IM"]
[BlackTitle "FM"]
[WhiteElo "2352"]
[BlackElo "2135"]
[WhiteFideId "2100053"]
[BlackFideId "2101580"]
[EventDate "2015.05.15"]
[EventType "swiss"]

1. e4 e5 2. Nf3 Nc6 3. Bb5 a6 4. Ba4 Nf6 5. O-O Be7 6. Re1 b5 7. Bb3 d6 8. c3
O-O 9. d4 Bg4 10. Be3 Bh5 11. h3 Bg6 12. Nbd2 exd4 13. Nxd4 Nxd4 14. cxd4 c5 15.
f4 Nxe4 16. Bd5 Nxd2 17. Bxa8 Qxa8 18. Qxd2 c4 19. Bf2 Bf6 20. a4 Qd5 1/2-1/2

[Event "10th American Continental"]
[Site "Montevideo URU"]
[Date "2015.05.17"]
[Round "4.35"]
[White "Idiarte Borda, Jorge"]
[Black "Larrea, Manuel"]
[Result "0-1"]
[BlackTitle "FM"]
[WhiteElo "2035"]
[BlackElo "2327"]
[WhiteFideId "3000842"]
[BlackFideId "3000508"]
[EventDate "2015.05.15"]
[EventType "swiss"]

1. Nf3 Nf6 2. d4 g6 3. g3 Bg7 4. Bg2 O-O 5. O-O d6 6. b3 c5 7. Bb2 cxd4 8. Nxd4
d5 9. e3 Bg4 10. Qc1 Qd7 11. Nd2 Nc6 12. Nxc6 bxc6 13. c4 Rac8 14. Nf3 Qf5 15.
Ne5 Bh3 16. Nf3 Rfe8 17. Qb1 Qh5 18. Qd3 Bxg2 19. Kxg2 e5 20. Qe2 e4 21. Ng1 Ng4
22. h3 Nxe3+ 23. Qxe3 Bxb2 24. Rad1 d4 25. Rxd4 Bxd4 26. Qxd4 c5 27. Qe3 Rcd8
28. Ne2 Qf3+ 29. Kg1 Qxe3 30. fxe3 Rd3 31. Nf4 Rxe3 32. Nd5 Rxg3+ 33. Kh2 Rd3
34. Nf6+ Kf8 35. Nxh7+ Kg7 36. Ng5 f5 37. Re1 Kf6 38. Rg1 Rd2+ 0-1

[Event "10th American Continental"]
[Site "Montevideo URU"]
[Date "2015.05.17"]
[Round "4.36"]
[White "Menna Barreto, Felipe Kubiaki"]
[Black "Genro, Guilherme"]
[Result "0-1"]
[WhiteTitle "FM"]
[WhiteElo "2271"]
[BlackElo "2096"]
[WhiteFideId "2119757"]
[BlackFideId "2173654"]
[EventDate "2015.05.15"]
[EventType "swiss"]

1. d4 Nf6 2. c4 e6 3. Nf3 b6 4. a3 Bb7 5. Nc3 Be7 6. d5 O-O 7. e4 exd5 8. cxd5
Re8 9. Bd3 c6 10. O-O cxd5 11. exd5 d6 12. Nd4 a6 13. Bf4 Nbd7 14. Nc6 Qc7 15.
Nxe7+ Rxe7 16. Rc1 Qb8 17. Re1 Rxe1+ 18. Qxe1 Nc5 19. Bb1 Nxd5 20. Nxd5 Bxd5 21.
Qe7 Nb7 22. Qh4 g6 23. Bh6 Qe8 24. Qd4 Qe5 25. Qxb6 Nc5 26. b4 Nb3 27. Rf1 Nd4
28. Bd3 Re8 29. Be3 Ne6 30. Qxa6 Ra8 31. Qb5 Rxa3 32. Bh6 Ra8 33. Qb6 g5 34. Qe3
Qf6 35. Be4 Bxe4 36. Qxe4 Rd8 37. Bxg5 Qxg5 38. h4 Qe5 39. Qg4+ Kh8 40. f4 Qd4+
41. Kh1 Qe4 42. Qg3 Rg8 43. Qc3+ Qd4 44. Qxd4+ Nxd4 45. Rd1 Nb5 46. Rd5 Rb8 47.
Kg1 Rb6 48. h5 h6 49. g4 Kg7 50. g5 Nc3 51. Rf5 Rxb4 52. gxh6+ Kxh6 53. Rf6+
Kxh5 54. Rxd6 Rxf4 55. Rd8 Ne4 56. Kg2 f5 57. Rf8 Kg4 58. Rg8+ Ng5 59. Rg7 Ra4
60. Rg8 Ra2+ 61. Kg1 Kf4 62. Kh1 Ne4 63. Rf8 Kg4 64. Rg8+ Kf3 65. Rg2 Ng3+ 0-1

[Event "10th American Continental"]
[Site "Montevideo URU"]
[Date "2015.05.17"]
[Round "4.37"]
[White "Matsuura, Frederico"]
[Black "Benoit, Rodrigo"]
[Result "1-0"]
[WhiteTitle "FM"]
[WhiteElo "2270"]
[BlackElo "2088"]
[WhiteFideId "2107848"]
[BlackFideId "3005151"]
[EventDate "2015.05.15"]
[EventType "swiss"]

1. d4 e6 2. e4 b6 3. Nf3 Bb7 4. Bd3 c5 5. O-O cxd4 6. Nxd4 Nc6 7. c3 e5 8. Nf5
Nf6 9. Bg5 h6 10. Bh4 g6 11. Ne3 Be7 12. Nd2 O-O 13. Qf3 Nxe4 14. Nxe4 Bxh4 15.
Nd6 Rb8 16. Nef5 Bg5 17. h4 Bf4 18. Nxb7 Rxb7 19. Nd6 Rb8 20. g3 Qe7 21. Nb5 a6
22. Na3 e4 23. Qxf4 exd3 24. Qxh6 Ne5 25. Qf4 Qc5 26. Rfe1 Rfe8 27. Re3 Re6 28.
Rd1 Rbe8 29. Nb1 Nc4 30. Rexd3 Nxb2 31. Rxd7 R8e7 32. Rd8+ Kg7 33. R1d5 Re1+ 34.
Kh2 Qc6 35. Qd4+ f6 36. R8d6 Qe8 37. Qxf6+ Kh7 38. Rd8 1-0

[Event "10th American Continental"]
[Site "Montevideo URU"]
[Date "2015.05.17"]
[Round "4.38"]
[White "Izquierdo, Sebastian"]
[Black "Sabas, Jorge"]
[Result "1/2-1/2"]
[BlackTitle "FM"]
[WhiteElo "2040"]
[BlackElo "2254"]
[WhiteFideId "3001610"]
[BlackFideId "101877"]
[EventDate "2015.05.15"]
[EventType "swiss"]

1. d4 Nf6 2. Nf3 g6 3. g3 Bg7 4. Bg2 O-O 5. c4 d6 6. O-O Nc6 7. Nc3 Bf5 8. d5
Na5 9. Nd2 c5 10. e4 Bd7 11. Qc2 a6 12. b3 b5 13. Bb2 Rb8 14. Rab1 Qc7 15. Ne2
e6 16. f4 bxc4 17. bxc4 Rxb2 18. Rxb2 Ng4 19. Rf3 Bxb2 20. Qxb2 exd5 21. cxd5
Rb8 22. Qc3 Bb5 23. Bf1 Qd8 24. h3 Nf6 25. g4 Nb7 26. Ng3 Ne8 27. Bg2 Qa5 28.
Qxa5 Nxa5 29. Rc3 f6 30. e5 fxe5 31. fxe5 dxe5 32. Rxc5 Nb7 33. Rc1 Ned6 34.
Nge4 Rf8 35. Rc7 Rf7 36. Rxf7 Kxf7 37. Bf1 Ke7 38. Bxb5 axb5 39. Kf2 Nxe4+ 40.
Nxe4 Nd6 41. Ke3 Nc4+ 42. Kd3 Nb6 43. d6+ Ke6 44. Ng5+ Kxd6 45. Ke4 Nd7 46. Nxh7
Nc5+ 47. Ke3 Kd5 48. h4 Ne4 49. a3 Nd6 50. h5 gxh5 51. gxh5 Ke6 52. Kd3 Kf5 53.
Nf8 Nf7 54. Nd7 Ke6 55. Nc5+ Kd5 56. Ne4 Nh6 57. Nc3+ Kc5 58. Ke4 Nf7 59. h6 1/2-1/2

[Event "10th American Continental"]
[Site "Montevideo URU"]
[Date "2015.05.17"]
[Round "4.39"]
[White "Chang, Suzana"]
[Black "Hernandez, Cristian Andres"]
[Result "0-1"]
[WhiteTitle "WFM"]
[BlackTitle "IM"]
[WhiteElo "2022"]
[BlackElo "2250"]
[WhiteFideId "2105985"]
[BlackFideId "4402308"]
[EventDate "2015.05.15"]
[EventType "swiss"]

1. e4 c5 2. Nf3 a6 3. c4 d6 4. d4 cxd4 5. Nxd4 Nf6 6. Nc3 e6 7. Be2 Nbd7 8. O-O
b6 9. Be3 Bb7 10. f3 Rc8 11. Qd2 Be7 12. Rfd1 O-O 13. Rac1 Re8 14. Bf1 Rc7 15.
Qf2 Qb8 16. Nb3 Bc6 17. Nd4 Ba8 18. a4 Rcc8 19. Nb3 Nc5 20. Nd2 a5 21. Kh1 Red8
22. Be2 Bc6 23. Ra1 d5 24. cxd5 exd5 25. exd5 Nxd5 26. Nxd5 Rxd5 27. Ne4 Rxd1+
28. Bxd1 Bxe4 29. fxe4 Nxe4 30. Qf3 Nf6 31. Bd4 Qd6 32. Bc3 Ne8 33. Bb3 Bf6 34.
Re1 Qc7 35. Rf1 Rd8 36. Qe2 Kf8 37. h3 Rd7 38. Be1 Re7 39. Qh5 h6 40. Bf2 Qc6
41. Bg3 Qb7 42. Bd5 Qa6 43. Rf2 Qd3 44. Kh2 Nc7 45. Bc6 Re6 46. Bf3 Qd4 47. Bg4
Re7 48. Rf4 Qxb2 49. Rf5 Kg8 50. Bd6 g6 51. Qxh6 gxf5 0-1

[Event "10th American Continental"]
[Site "Montevideo URU"]
[Date "2015.05.17"]
[Round "4.40"]
[White "El Ters, Antouan"]
[Black "Moreira, Marcelo"]
[Result "1-0"]
[WhiteElo "2208"]
[BlackElo "2077"]
[WhiteFideId "3000150"]
[BlackFideId "3003043"]
[EventDate "2015.05.15"]
[EventType "swiss"]

1. e4 c5 2. Nf3 e6 3. d4 cxd4 4. Nxd4 a6 5. c4 Nf6 6. Bd3 Nc6 7. Nxc6 dxc6 8.
O-O e5 9. Nc3 Be7 10. h3 O-O 11. Be3 Nd7 12. Bc2 a5 13. Na4 b6 14. Qh5 Ba6 15.
Rfd1 1-0

[Event "10th American Continental"]
[Site "Montevideo URU"]
[Date "2015.05.17"]
[Round "4.41"]
[White "Contreras, Henry"]
[Black "Gomes, Marco Tulio"]
[Result "1-0"]
[WhiteTitle "FM"]
[WhiteElo "2193"]
[BlackElo "1883"]
[WhiteFideId "4400623"]
[BlackFideId "2115271"]
[EventDate "2015.05.15"]
[EventType "swiss"]

1. e4 c6 2. d4 d5 3. Nd2 dxe4 4. Nxe4 Bf5 5. Ng3 Bg6 6. Nh3 h6 7. Nf4 Bh7 8. Bc4
Nf6 9. O-O e6 10. Re1 Be7 11. Bxe6 g5 12. Bb3 gxf4 13. Bxf4 Bg6 14. Qf3 Kf8 15.
h4 h5 16. Bg5 Nbd7 17. Nf5 Bxf5 18. Qxf5 a5 19. a4 Kg7 20. Re3 Nf8 21. Rg3 Ng6
22. Bxf7 Kxf7 23. Bxf6 Bxf6 24. Qxg6+ Ke7 25. Rf3 Rf8 26. Re1+ Kd7 27. Qxh5 Kc7
28. c3 Qd6 29. Qf5 Be7 30. Qh7 Rfe8 31. Rf7 Kd7 32. Qf5+ Kd8 33. Re6 Qd7 34. h5
Kc7 35. Qe4 Kd8 36. h6 Rc8 37. h7 Rc7 38. c4 b6 39. g4 1-0

[Event "10th American Continental"]
[Site "Montevideo URU"]
[Date "2015.05.17"]
[Round "4.42"]
[White "Muzzi, Eduardo"]
[Black "Andrade, Roberto Luiz Costa"]
[Result "1/2-1/2"]
[WhiteTitle "CM"]
[BlackTitle "FM"]
[WhiteElo "1987"]
[BlackElo "2177"]
[WhiteFideId "3001253"]
[BlackFideId "2101521"]
[EventDate "2015.05.15"]
[EventType "swiss"]

1. e4 c5 2. Nf3 a6 3. c3 e6 4. d4 d5 5. e5 Nc6 6. Be2 cxd4 7. cxd4 Nge7 8. O-O
Nf5 9. Na3 Be7 10. Nc2 O-O 11. a3 Na5 12. Ne3 Nxe3 13. fxe3 Bd7 14. Bd3 Rc8 15.
Nd2 Bg5 16. Qe2 Ba4 17. Rf3 Bc2 18. Rh3 Bxd3 19. Qxd3 g6 20. Nb3 Nxb3 21. Qxb3
Qa5 22. Qd1 Qb6 23. Rb1 Rc4 24. Bd2 Rfc8 25. Bc3 Qd8 26. Rf3 b5 27. Qb3 Qf8 28.
Rbf1 R8c7 29. Bb4 Qe8 30. Bd6 Rb7 31. Qd3 Qc6 32. Bc5 a5 1/2-1/2

[Event "10th American Continental"]
[Site "Montevideo URU"]
[Date "2015.05.17"]
[Round "4.43"]
[White "Pichuaga, Juan Pablo"]
[Black "Casas, Nicolas"]
[Result "1/2-1/2"]
[WhiteElo "2141"]
[BlackElo "1834"]
[WhiteFideId "3000451"]
[BlackFideId "3002055"]
[EventDate "2015.05.15"]
[EventType "swiss"]

1. e4 d5 2. exd5 Qxd5 3. Nc3 Qa5 4. d4 c6 5. Nf3 Nf6 6. Bd2 Qd8 7. Bc4 Bg4 8.
Ne5 Be6 9. Bxe6 fxe6 10. Bg5 Nbd7 11. Qe2 g6 12. O-O-O Bg7 13. Rhe1 Nf8 14. Kb1
N6d7 15. Ne4 Nxe5 16. dxe5 Qc7 17. Nf6+ Bxf6 18. exf6 exf6 19. Bxf6 Rg8 20. Be5
Qf7 21. Rd3 Nd7 22. Bd6 O-O-O 23. Qxe6 Rde8 24. Be7 Qxe6 25. Rxe6 Nc5 26. Bxc5
Rxe6 27. b4 b6 28. Be3 Rd8 1/2-1/2

[Event "10th American Continental"]
[Site "Montevideo URU"]
[Date "2015.05.17"]
[Round "4.44"]
[White "Valenzuela Gomez, Fernando"]
[Black "Zimmermann, Kleber Renato P."]
[Result "1-0"]
[BlackTitle "CM"]
[WhiteElo "2282"]
[BlackElo "1966"]
[WhiteFideId "3409392"]
[BlackFideId "2150050"]
[EventDate "2015.05.15"]
[EventType "swiss"]

1. d4 Nf6 2. c4 c5 3. d5 b5 4. Qc2 g6 5. e4 d6 6. Nf3 Nbd7 7. cxb5 a6 8. Nc3 Bg7
9. a4 O-O 10. Ra3 Ne8 11. Be2 Nc7 12. O-O Bb7 13. bxa6 Bxa6 14. Re1 Bxe2 15.
Qxe2 Qb8 16. Nd2 Qb7 17. Kh1 Rfb8 18. Nc4 Qa6 19. Bd2 Ne5 20. b3 Nxc4 21. bxc4
Rb2 22. Nb5 Qb7 23. Nxc7 Qxc7 24. Qd3 Qb7 25. g3 Bd4 26. Kg2 h5 27. Be3 Bxe3 28.
Rxe3 Qb4 29. Rc3 Rxa4 30. Rf3 Ra1 31. Qe3 Kg7 32. e5 Qb8 33. Qg5 Qf8 34. exd6
exd6 35. Rf6 Rbb1 36. Rcf3 Rg1+ 37. Kh3 Qc8+ 38. Kh4 Ra7 39. Rxd6 Rd1 40. Rxf7+
Rxf7 41. Rxg6+ Kh8 42. Rh6+ Rh7 43. Qf6+ 1-0

[Event "10th American Continental"]
[Site "Montevideo URU"]
[Date "2015.05.17"]
[Round "4.45"]
[White "Pardo, Alejandro"]
[Black "Ibanez, Marcelo"]
[Result "1-0"]
[WhiteElo "2247"]
[BlackElo "1963"]
[WhiteFideId "4402880"]
[BlackFideId "3002691"]
[EventDate "2015.05.15"]
[EventType "swiss"]

1. e4 d5 2. exd5 Qxd5 3. Nc3 Qa5 4. Nf3 Nf6 5. Be2 g6 6. O-O Bg7 7. Re1 O-O 8.
Bf1 Nc6 9. h3 Bf5 10. d3 Nd5 11. Ne4 Rad8 12. a3 Bxe4 13. Rxe4 Nf6 14. Re1 Qb6
15. Rb1 a5 16. Be3 Qa6 17. Qd2 Qa8 18. g3 Rfe8 19. Bg2 Qc8 20. Bh6 e5 21. Bxg7
Kxg7 22. Ng5 Nd4 23. Qxa5 Nxc2 24. Rec1 b6 25. Qa7 Qf5 26. Rxc2 Qxg5 27. Rxc7
Rxd3 28. Rxf7+ Kg8 29. Rf1 e4 30. Rg7+ Kh8 31. Qf7 Qe5 32. Re1 Rd7 33. Rxh7+
Nxh7 34. Qxd7 Nf6 35. Qd2 Kg7 36. Re3 Re7 37. Qc3 Qd5 38. f3 1-0

[Event "10th American Continental"]
[Site "Montevideo URU"]
[Date "2015.05.17"]
[Round "4.46"]
[White "Daneri, Martin"]
[Black "Rodriguez Farias, Eduardo"]
[Result "1-0"]
[WhiteTitle "CM"]
[WhiteElo "2109"]
[BlackElo "1956"]
[WhiteFideId "104981"]
[BlackFideId "3005062"]
[EventDate "2015.05.15"]
[EventType "swiss"]

1. e4 c5 2. Nc3 Nc6 3. Bb5 g6 4. Bxc6 dxc6 5. d3 Bg7 6. Be3 b6 7. Qd2 Nf6 8. Bh6
O-O 9. Nge2 e5 10. O-O Bxh6 11. Qxh6 Ng4 12. Qd2 Qh4 13. h3 Nh6 14. Qe3 Kg7 15.
f4 Qe7 16. Ng3 f6 17. f5 g5 18. h4 Nf7 19. hxg5 Nxg5 20. Kf2 Ba6 21. b3 Rad8 22.
a4 Rd7 23. Rh1 Kf7 24. Rh6 Ke8 25. Nh5 Qd6 26. Ne2 Ke7 27. Nxf6 Nf7 28. Ng8+
Rxg8 29. Rxd6 Rxd6 30. Rh1 Rg7 31. Ng3 Kf8 32. Rh4 Kg8 33. Ne2 Kh8 34. Ng1 Rd8
35. g4 Rdg8 36. Qg3 Bc8 37. Nf3 Re8 38. Qh2 1-0